Comprendre Spinoza (notice n° 1567542)
[ vue normale ]
| 000 -LEADER | |
|---|---|
| fixed length control field | 01074cam a2200133 4500500 |
| 005 - DATE AND TIME OF LATEST TRANSACTION | |
| control field | 20251214002834.0 |
| 041 ## - LANGUAGE CODE | |
| Language code of text/sound track or separate title | fre |
| 042 ## - AUTHENTICATION CODE | |
| Authentication code | dc |
| 100 10 - MAIN ENTRY--PERSONAL NAME | |
| Personal name | Rizk, Hadi |
| Relator term | author |
| 245 00 - TITLE STATEMENT | |
| Title | Comprendre Spinoza |
| 260 ## - PUBLICATION, DISTRIBUTION, ETC. | |
| Name of publisher, distributor, etc. | Armand Colin,<br/> |
| Date of publication, distribution, etc. | 2008.<br/> |
| 520 ## - SUMMARY, ETC. | |
| Summary, etc. | Spinoza est un philosophe à part : juif en rupture de ban dans l’Europe chrétienne du XVIIe siècle, disciple de Descartes, il vit de la fabrication de lunettes. Il développe parallèlement un système philosophique qui met hors jeu superstitions et illusions. Il démontre l’appartenance des choses à la réalité. Pour cette deuxième édition, de nouveaux éléments ont été ajoutés, notamment sur la question des sciences (biologie, sciences de l’esprit, linguistique, etc.), l’infini et le fini, le temps et l’éternité et la réflexion sur l’Histoire. Hadi Rizk est normalien, docteur en philosophie et professeur de chaire supérieure en philosophie au lycée Henri-IV. |
| 856 41 - ELECTRONIC LOCATION AND ACCESS | |
| Uniform Resource Identifier | <a href="https://shs.cairn.info/comprendre-spinoza--9782200355449?lang=fr&redirect-ssocas=7080">https://shs.cairn.info/comprendre-spinoza--9782200355449?lang=fr&redirect-ssocas=7080</a> |
Pas d'exemplaire disponible.




Réseaux sociaux